| 000 | 00580nam a22001817a 4500 | ||
|---|---|---|---|
| 999 |
_c16306 _d16306 |
||
| 008 | 170216b xxu||||| |||| 00| 0 eng d | ||
| 020 | _a1848717015 | ||
| 040 |
_aKABU _cKABU |
||
| 050 |
_aBT820 _b.H45 1989 C.1 |
||
| 100 | _aHelm, Paul | ||
| 245 |
_aThe last things _bdeath,judgement,heaven and hell _cby Paul Helm |
||
| 260 |
_aUSA _bVersa press _c1989 |
||
| 300 | _axiv, 147 p. | ||
| 650 |
_aCatholic church _vSermons |
||
| 650 |
_aEschatology _vSermons |
||
| 650 |
_aSermons, German _vTranslation into english |
||
| 942 |
_2lcc _cBK _hBT820 .H45 1989 C.1 |
||